Organic chemistry

Uloženo v:
Podrobná bibliografie
Hlavní autor:  McMurry, John
Médium: Sách
Jazyk:Undetermined
Vydáno:  Cengage Learning  2017
Témata:
Tagy: Přidat tag
Žádné tagy, Buďte první, kdo otaguje tento záznam!
Thư viện lưu trữ: Trung tâm Thư viện - Trường Đại học Công nghiệp TP. Hồ Chí Minh
LEADER 00481nam a2200157Ia 4500
001 UIH_02668
008 231011s9999 xx 000 0 und d
082 |a  547 
100 |a  McMurry, John 
245 0 |a  Organic chemistry 
245 0 |c  McMurry, John 
260 |b  Cengage Learning 
260 |c  2017 
650 |a  Chemistry Organic; Hóa học hữu cơ;  
927 |a Sách 
980 |a Trung tâm Thư viện - Trường Đại học Công nghiệp TP. Hồ Chí Minh